| Tag |
First Indicator |
Second Indicator |
Subfields |
| LEADER |
00000cam a2200000 a 4500 |
| 001 |
in00001447310 |
| 005 |
20151021050338.0 |
| 008 |
951016t19951994nyua j 000 0 eng d |
| 010 |
|
|
|z 93048152
|
| 020 |
|
|
|a 0688143873 (pbk.) :
|c $5.95
|
| 035 |
|
|
|a (OCoLC)33311108
|
| 035 |
|
|
|9 AJD3207AM
|
| 040 |
|
|
|a SVP
|c SVP
|d TXA
|d UtOrBLW
|
| 049 |
|
|
|a TXAM
|
| 090 |
|
|
|a LB1169
|b .H58 1995
|
| 100 |
1 |
|
|a Howe, James,
|d 1946-
|
| 245 |
1 |
0 |
|a When you go to kindergarten /
|c text by James Howe ; photographs by Betsy Imershein.
|
| 250 |
|
|
|a Rev. and updated ed., 1st Mulberry ed.
|
| 264 |
|
1 |
|a New York :
|b Mulberry Books,
|c 1995
|
| 264 |
|
4 |
|c ©1994
|
| 300 |
|
|
|a 1 volume (unpaged) :
|b color illustrations ;
|c 29 cm.
|
| 336 |
|
|
|a text
|b txt
|2 rdacontent
|
| 337 |
|
|
|a unmediated
|b n
|2 rdamedia
|
| 338 |
|
|
|a volume
|b nc
|2 rdacarrier
|
| 500 |
|
|
|a "Mulberry paperback book."
|
| 520 |
|
|
|a Text and photographs explain what it is like to go to kindergarten.
|
| 650 |
|
0 |
|a Kindergarten
|x Juvenile literature.
|
| 650 |
|
0 |
|a Schools
|v Juvenile literature.
|
| 700 |
1 |
|
|a Imershein, Betsy.
|
| 999 |
|
|
|a MARS
|
| 999 |
f |
f |
|s 4ccbbe04-bc04-3991-827d-6885cb13d908
|i 8ca15619-9fe9-3a4c-92db-087e2e467393
|t 0
|
| 952 |
f |
f |
|p ric
|a Texas A&M University
|b Rellis Campus
|c Joint Library Facility
|d Remote Storage
|t 0
|e LB1169 .H58 1995
|h Library of Congress classification
|i unmediated -- volume
|m A14822341429
|
| 998 |
f |
f |
|a LB1169 .H58 1995
|t 0
|l Remote Storage
|